000 00520nam a2200133Ia 4500
008 100328s9999 xx 000 0 und d
082 _b73781
100 _aअष्टीकर मंदाकिनी.
245 _aगेला फुलांचा गळूनी फुलोरा.
260 _bनिशिगंधा.
630 _aगेला फुलांचा गळूनी फुलोरा.
730 _aगेला फुलांचा गळूनी फुलोरा.
942 _cBOOK
999 _c559502
_d559499